| 000 | 00512nam a2200181 a 4500 | ||
|---|---|---|---|
| 005 | 20240925064106.0 | ||
| 008 | 991125s1928 was 000 0 eng u | ||
| 035 | _aUPN01000007589 | ||
| 049 | _aCG | ||
| 050 | 4 |
_aLB1115 _bT4.2 |
|
| 100 | 1 |
_aThom, Douglas Armour, _d1887- |
|
| 245 | 1 | 0 |
_aChild management / _cby D.A. Thom. |
| 260 |
_aWashington : _bDepartment of Labor, Children's Bureau, _c1928. |
||
| 300 | _a47 p. | ||
| 440 | 0 |
_aBureau publication ; _v143 |
|
| 650 | 4 |
_aNiƱo, Estudio del _9221 |
|
| 905 | _aLibro | ||
| 999 |
_c7589 _d7589 |
||